The Effects of Housing Prices and Monetary Policy in a Currency Union /

The recent boom-and-bust cycle in housing prices has refreshed the debate on the drivers of housing cycles as well as the appropriate policy response. We analyze the case of Spain, where housing prices have soared since it joined the EMU. We present evidence based on a VAR model, and we calibrate a...

Description complète

Détails bibliographiques
Auteur principal: Rabanal, Pau
Autres auteurs: Aspachs-Bracons, Oriol
Format: Revue
Langue:English
Publié: Washington, D.C. : International Monetary Fund, 2011.
Collection:IMF Working Papers; Working Paper ; No. 2011/006
Accès en ligne:Full text available on IMF
LEADER 01861cas a2200253 a 4500
001 AALejournalIMF006972
008 230101c9999 xx r poo 0 0eng d
020 |c 5.00 USD 
020 |z 9781455211845 
022 |a 1018-5941 
040 |a BD-DhAAL  |c BD-DhAAL 
100 1 |a Rabanal, Pau. 
245 1 4 |a The Effects of Housing Prices and Monetary Policy in a Currency Union /  |c Pau Rabanal, Oriol Aspachs-Bracons. 
264 1 |a Washington, D.C. :  |b International Monetary Fund,  |c 2011. 
300 |a 1 online resource (52 pages) 
490 1 |a IMF Working Papers 
500 |a <strong>Off-Campus Access:</strong> No User ID or Password Required 
500 |a <strong>On-Campus Access:</strong> No User ID or Password Required 
506 |a Electronic access restricted to authorized BRAC University faculty, staff and students 
520 3 |a The recent boom-and-bust cycle in housing prices has refreshed the debate on the drivers of housing cycles as well as the appropriate policy response. We analyze the case of Spain, where housing prices have soared since it joined the EMU. We present evidence based on a VAR model, and we calibrate a New Keynesian model of a currency area with durable goods to explain it. We find that labor market rigidities provide stronger amplification effects to all type of shocks than financial frictions do. Finally, we show that when the central bank reacts to house prices, the non-durable sector suffers an important contraction. As a result, the boom-and-bust cycle would not have been avoided if Spain had remained outside the EMU during the 1996-2007 period. 
538 |a Mode of access: Internet 
700 1 |a Aspachs-Bracons, Oriol. 
830 0 |a IMF Working Papers; Working Paper ;  |v No. 2011/006 
856 4 0 |z Full text available on IMF  |u http://elibrary.imf.org/view/journals/001/2011/006/001.2011.issue-006-en.xml  |z IMF e-Library